|
|
|
|
| LEADER |
03378nam a2200541 4500 |
| 001 |
978-3-319-91587-6 |
| 003 |
DE-He213 |
| 005 |
20191022162346.0 |
| 007 |
cr nn 008mamaa |
| 008 |
180512s2018 gw | s |||| 0|eng d |
| 020 |
|
|
|a 9783319915876
|9 978-3-319-91587-6
|
| 024 |
7 |
|
|a 10.1007/978-3-319-91587-6
|2 doi
|
| 040 |
|
|
|d GrThAP
|
| 050 |
|
4 |
|a Q334-342
|
| 072 |
|
7 |
|a UYQ
|2 bicssc
|
| 072 |
|
7 |
|a COM004000
|2 bisacsh
|
| 072 |
|
7 |
|a UYQ
|2 thema
|
| 082 |
0 |
4 |
|a 006.3
|2 23
|
| 245 |
1 |
0 |
|a Multi-Agent Based Simulation XVIII
|h [electronic resource] :
|b International Workshop, MABS 2017, São Paulo, Brazil, May 8-12, 2017, Revised Selected Papers /
|c edited by Graçaliz Pereira Dimuro, Luis Antunes.
|
| 250 |
|
|
|a 1st ed. 2018.
|
| 264 |
|
1 |
|a Cham :
|b Springer International Publishing :
|b Imprint: Springer,
|c 2018.
|
| 300 |
|
|
|a X, 229 p. 82 illus.
|b online resource.
|
| 336 |
|
|
|a text
|b txt
|2 rdacontent
|
| 337 |
|
|
|a computer
|b c
|2 rdamedia
|
| 338 |
|
|
|a online resource
|b cr
|2 rdacarrier
|
| 347 |
|
|
|a text file
|b PDF
|2 rda
|
| 490 |
1 |
|
|a Lecture Notes in Artificial Intelligence ;
|v 10798
|
| 505 |
0 |
|
|a Analysis of multi-agent systems -- Agent-based simulation techniques applied to real-world problems -- Socio-technical-natural sciences and multi-agent systems with a strong application/empirical vein -- Architectures, methods and simulation methodologies -- MABS applications.-.
|
| 520 |
|
|
|a This book constitutes the thoroughly refereed post-conference proceedings of the 18th International Workshop on Multi-Agent-Based Simulation, MABS 2017, held in Sao Paulo, Brazil, in May 2017. The workshop was held in conjunction with the 16th International Conference on Autonomous Agents and Multi-Agent Systems, AAMAS 2017. The 15 revised full papers included in this volume were carefully selected from 23 submissions. The topic of the papers is about applying agent-based simulation techniques to real-world problems focusing on the confluence of socio-technical-natural sciences and multi-agent systems with a strong application/empirical vein.
|
| 650 |
|
0 |
|a Artificial intelligence.
|
| 650 |
|
0 |
|a Computer simulation.
|
| 650 |
|
0 |
|a Computers.
|
| 650 |
|
0 |
|a Software engineering.
|
| 650 |
1 |
4 |
|a Artificial Intelligence.
|0 http://scigraph.springernature.com/things/product-market-codes/I21000
|
| 650 |
2 |
4 |
|a Simulation and Modeling.
|0 http://scigraph.springernature.com/things/product-market-codes/I19000
|
| 650 |
2 |
4 |
|a Computation by Abstract Devices.
|0 http://scigraph.springernature.com/things/product-market-codes/I16013
|
| 650 |
2 |
4 |
|a Software Engineering.
|0 http://scigraph.springernature.com/things/product-market-codes/I14029
|
| 700 |
1 |
|
|a Dimuro, Graçaliz Pereira.
|e editor.
|0 (orcid)0000-0001-6986-9888
|1 https://orcid.org/0000-0001-6986-9888
|4 edt
|4 http://id.loc.gov/vocabulary/relators/edt
|
| 700 |
1 |
|
|a Antunes, Luis.
|e editor.
|0 (orcid)0000-0002-8237-6524
|1 https://orcid.org/0000-0002-8237-6524
|4 edt
|4 http://id.loc.gov/vocabulary/relators/edt
|
| 710 |
2 |
|
|a SpringerLink (Online service)
|
| 773 |
0 |
|
|t Springer eBooks
|
| 776 |
0 |
8 |
|i Printed edition:
|z 9783319915869
|
| 776 |
0 |
8 |
|i Printed edition:
|z 9783319915883
|
| 830 |
|
0 |
|a Lecture Notes in Artificial Intelligence ;
|v 10798
|
| 856 |
4 |
0 |
|u https://doi.org/10.1007/978-3-319-91587-6
|z Full Text via HEAL-Link
|
| 912 |
|
|
|a ZDB-2-SCS
|
| 912 |
|
|
|a ZDB-2-LNC
|
| 950 |
|
|
|a Computer Science (Springer-11645)
|